| 000 | 00439nam a2200169Ia 4500 | ||
|---|---|---|---|
| 005 | 20240730010924.0 | ||
| 008 | 240331s9999 xx 000 0 und d | ||
| 082 |
_a294 _bSUB |
||
| 100 | _aSubramanian , K.R | ||
| 245 | 4 | _aThe origin of saivism and history in the Tamil land | |
| 260 |
_aNew Delhi _bAsian Educational Services _c1929 |
||
| 300 | _aiv, 82 p ., | ||
| 650 | _aBuddhist | ||
| 650 | _aHistory | ||
| 650 | _aSaivism | ||
| 942 | _cL | ||
| 999 |
_c905 _d905 |
||